| 000 | 01208cam a2200145 4500500 | ||
|---|---|---|---|
| 005 | 20260405065357.0 | ||
| 041 | _afre | ||
| 042 | _adc | ||
| 100 | 1 | 0 |
_ade Dainville-Barbiche, Ségolène _eauthor |
| 700 | 1 | 0 |
_aDainville-Barbiche, Ségolène de _eauthor |
| 245 | 0 | 0 | _aDevenir curé à Paris : Institutions et carrières ecclésiastiques, 1695-1789 |
| 260 |
_bPresses Universitaires de France,
_c2005. |
||
| 520 | _aMalgré l’affaiblissement des repères du catholicisme en France, le personnage du curé est encore familier aujourd’hui. Il fait partie d’une institution qui remonte aux temps carolingiens. Elle s’insère dans un cadre canonique variable selon les époques,dont la complexité peut décourager l’historien risquant le contresens ou même le non discernement de nombreuses stratégiques ecclésiastiques.Cette étude montre les différents modes d’accès canoniques aux cures, la proportion des changements et les procédures de remplacement, les attraits financiers grâce aux sources fiscales, sans oublier la «considération» du curé dans la société. | ||
| 856 | 4 | 1 | _uhttps://shs.cairn.info/devenir-cure-a-paris--9782130543404?lang=fr&redirect-ssocas=7080 |
| 999 |
_c2195461 _d2195461 |
||